000 01030cab a2200289 4500
001 ABS51172
008 090401t1994 xxu||||| |||| 00| 0 eng d
035 _a(Sirsi) u13747
041 _aeng
100 _aMartin, D.
245 _aIs environmental value recognised?
260 _c1994
350 _a0
490 _aCSM (Chartered Surveyor Monthly)
_vJuly/August 1994, 46(1)
520 _aWeighs up environmental and financial issues in rural land management decision-making, investigating the way in which the rural land market currently appraises environmental value. Considers the scope for environmental valuation methods to assist decision-making and looks at the future implications for surveyors and valuers.
650 _aENVIRONMENTAL VALUE
650 _aFARMLAND
650 _aLANDSCAPE
650 _aRURAL LAND MANAGEMENT
650 _aRURAL LAND
650 _aSAVILLS
650 _aVALUATION METHODS
690 _aRURAL PRACTICE
700 _aMunro-Faure, P.
942 _n0
948 _c04/03/1997
999 _c8854
_d8854